<?xml version="1.0" encoding="UTF-8"?>
<record
    xmlns:xsi="http://www.w3.org/2001/XMLSchema-instance"
    xsi:schemaLocation="http://www.loc.gov/MARC21/slim http://www.loc.gov/standards/marcxml/schema/MARC21slim.xsd"
    xmlns="http://www.loc.gov/MARC21/slim">

  <leader>02485nam a2200181 a 4500</leader>
  <datafield tag="020" ind1=" " ind2=" ">
    <subfield code="a">0716719401 (textbook binding)</subfield>
  </datafield>
  <datafield tag="020" ind1=" " ind2=" ">
    <subfield code="a">9780716719403 (textbook binding)</subfield>
  </datafield>
  <datafield tag="082" ind1=" " ind2=" ">
    <subfield code="a">540 ATK</subfield>
  </datafield>
  <datafield tag="100" ind1="1" ind2=" ">
    <subfield code="a">Atkins.P.W</subfield>
  </datafield>
  <datafield tag="245" ind1="1" ind2="0">
    <subfield code="a">General chemistry</subfield>
  </datafield>
  <datafield tag="250" ind1=" " ind2=" ">
    <subfield code="a">1st ed.</subfield>
  </datafield>
  <datafield tag="260" ind1=" " ind2=" ">
    <subfield code="a">[S.l.] :</subfield>
    <subfield code="b">Scientific American Books,</subfield>
    <subfield code="c">1990.</subfield>
  </datafield>
  <datafield tag="300" ind1=" " ind2=" ">
    <subfield code="a">989 p. ;</subfield>
  </datafield>
  <datafield tag="520" ind1=" " ind2=" ">
    <subfield code="a">The highly praised first edition of General Chemistry stood above its competitors with its captivating writing, superior development of problem-solving skills, brilliant illustrations, and attractive design. This exciting new edition is an even more effective point of entry to modern chemistry. In addition to Peter Atkins' polished prose, a new coauthor-Jo Beran of Texas A&amp;I-has brought innovative ideas and practical pedagogical refinements to the discussion, interpretation and application of chemical principles and phenomena. As a result, the Second Edition of General Chemistry offers the most stimulating introduction yet to the pivotal role chemistry plays in our lives. No competing textbook equals General Chemistry in the detailed attention paid to the systematic development of problem-solving skills. Chief among its many advantages to students are the special 'strategy' sections in the worked examples. Not found in any other general chemistry textbook, these sections provide a starting point to guide students in how to think about a problem, then suggest a pathway to its solution. These strategy sections remain at the heart of the new edition's approach to learning which, with the addition of many more worked examples, encourages students to go beyond the answers to understand both the processes and the phenomena that lie at the heart of solving chemistry problems. General Chemistry, Second Edition also contains a wealth of up-to-date end-of-chapter exercises at all levels of difficulty, including many that have been created specifically for the new edition. For each chapter, the first group of exercises is classified; the remainder are unclassified so that, as in an exam, students are called upon to identify strategies and applicable chemical principles. These unclassified problems provide an alternative for instructors not wanting to assign exercises by topic. As in the first edition, the solutions to all exercises have been scrupulously checked for accuracy.</subfield>
  </datafield>
  <datafield tag="650" ind1=" " ind2=" ">
    <subfield code="a">Chemistry</subfield>
  </datafield>
  <datafield tag="856" ind1="4" ind2="0">
    <subfield code="u">http://www.amazon.com/exec/obidos/ASIN/0716719401/chopaconline-20</subfield>
  </datafield>
  <datafield tag="942" ind1=" " ind2=" ">
    <subfield code="c">BK</subfield>
  </datafield>
  <datafield tag="999" ind1=" " ind2=" ">
    <subfield code="c">1015</subfield>
    <subfield code="d">1015</subfield>
  </datafield>
  <datafield tag="952" ind1=" " ind2=" ">
    <subfield code="0">0</subfield>
    <subfield code="1">0</subfield>
    <subfield code="7">0</subfield>
    <subfield code="8">NFIC</subfield>
    <subfield code="a">MLCampus</subfield>
    <subfield code="b">MLCampus</subfield>
    <subfield code="c">GEN</subfield>
    <subfield code="d">2015-06-08</subfield>
    <subfield code="l">0</subfield>
    <subfield code="o">540 ATK</subfield>
    <subfield code="p">000869</subfield>
    <subfield code="r">2022-11-17 00:00:00</subfield>
    <subfield code="w">2015-06-08</subfield>
    <subfield code="y">BK</subfield>
  </datafield>
</record>
